Généalogie dans Dragon Ball - Statistiques

Statistiques générales
  • Ce quiz a été pris 3 051 fois
  • Le résultat moyen est 14 sur 18
Statistiques - réponses
Comment se nomme... Personnage % Correct
...le frère de Son Gohan? Son Goten
99%
...la mère de Trunks? Bulma
97%
...la femme de Krilin? C-18
91%
...le père de Son Goku? Baddack
90%
...le créateur de C-16? Docteur Gero
87%
...la fille de Mister Satan? Videl
87%
...le frère de Freezer? Cooler
85%
...le fils de Bibidi? Babidi
84%
...le fils du Démon Piccolo? Piccolo
84%
...l'oncle de Son Gohan? Raditz
81%
...la réincarnation de Boo? Oob
79%
...le frère de Beerus? Champa
72%
...l'oncle de Marron? C-17
70%
...la fille de Végéta? Bra
69%
...la fille de Gyumao? Chichi
69%
...le frère de Mamie Voyante? Tortue Géniale
65%
...le frère du Maître des Grues? Tao Pai Pai
52%
...le créateur de Shenron? Le Tout-Puissant
36%
Aucun quiz correspondant
Distribution des résultats
% des personnes avec chaque résultat
Percentile par nombre de réponses
Votre historique - résultats
Vous n’avez pas pris ce quiz